| 000 | 01078pam a2200313 a 4500 | ||
|---|---|---|---|
| 001 | 2877 | ||
| 005 | 20240119145422.0 | ||
| 020 | _a0590491733 | ||
| 040 |
_aDLC _cDLC _dDLC _beng |
||
| 050 | 0 | 0 | _aLC208.W4 |
| 082 | 0 | 0 | _a370.196 |
| 100 | _aCheltenham | ||
| 245 | 0 | 0 |
_aWe are all alike-- we are all different / _cwritten and illustrated by the Cheltenham Elementary School kindergartners ; photographs by Laura Dwight. |
| 250 | _aFirst Published in 1991 | ||
| 260 |
_aNew York : _bScholastic, _c1991 |
||
| 300 |
_a31 pages : _bcolor illustrations ; _c26 cm. |
||
| 505 | _aE | ||
| 520 | _aKindergarten children describe the likenesses and differences among themselves. | ||
| 521 |
_a200
_bLexile |
||
| 521 |
_aE
_bRaz-Plus |
||
| 650 | 0 |
_aSchool children _xJuvenile literature. |
|
| 650 | 0 |
_aMulticultural education _xJuvenile literature. |
|
| 650 | 1 | _aIndividuality. | |
| 650 | 1 | _aChildren's writings. | |
| 650 | 1 | _aChildren's art. | |
| 700 | 1 |
_aDwight, Laura _ephotographer |
|
| 906 |
_a7 _bcbc _corignew _d1 _eocip _f19 _gy-gencatlg |
||
| 942 |
_2ddc _cBK _n0 |
||
| 999 |
_c2877 _d2877 |
||